| 000 | 00675nam a22001577a 4500 | ||
|---|---|---|---|
| 003 | OSt | ||
| 005 | 20150928173910.0 | ||
| 008 | 150928b xxu||||| |||| 00| 0 eng d | ||
| 040 | _cRUA | ||
| 082 | _aAGR.BB CHH 2010 B060 Or.1 | ||
| 100 |
_91519 _aCHHIN, DIORNG. |
||
| 245 | _aStudy the tntegrated faming system in odurmbang1 commune, sabgker district, battambang province, ការសិក្សាពីប្រព័ន្ធកសិកម្មចម្រុះនៅឃុំអូរដំបង១ ស្រុកសង្កែ ខេត្តបាត់ដំបង. | ||
| 260 |
_apphnom phen _bRUA _c2010 |
||
| 300 |
_aIV,44p. _bill. _c29cm. |
||
| 942 |
_2ddc _cAGRBB |
||
| 999 |
_c1429 _d1429 |
||